[Event "8th Dubai Open"]
[Site "Dubai UAE"]
[Date "2006.04.27"]
[Round "5"]
[White "Kulicov,O"]
[Black "Soozankar,A"]
[Result "1/2-1/2"]
[WhiteElo "2407"]
[BlackElo "2246"]
[EventDate "2006.04.23"]

1. e4 c5 2. c3 g6 3. d4 cxd4 4. cxd4 d5 5. exd5 Nf6 6. Bb5+ Nbd7 7. Nc3 Bg7
8. d6 exd6 9. Qe2+ Qe7 10. Bf4 Qxe2+ 11. Bxe2 Ke7 12. Bf3 Nb6 13. Nge2 Bg4
14. Bxb7 Rab8 15. Bc6 Rhc8 16. d5 Bxe2 17. Kxe2 Nc4 18. b3 Na5 19. Rac1
Nxc6 20. dxc6 Rxc6 21. Kd3 Rbc8 22. Nb5 a6 23. Rxc6 Rxc6 24. Nd4 Rc8 25.
Rc1 Rxc1 26. Bxc1 1/2-1/2

[Event "8th Dubai Open"]
[Site "Dubai UAE"]
[Date "2006.04.27"]
[Round "5"]
[White "Satyapragyan,S"]
[Black "Sethuraman,S"]
[Result "1/2-1/2"]
[WhiteElo "2403"]
[BlackElo "2231"]
[EventDate "2006.04.23"]

1. e4 e5 2. Nf3 Nc6 3. Bb5 a6 4. Ba4 Nf6 5. O-O Be7 6. Re1 b5 7. Bb3 d6 8.
c3 O-O 9. h3 Re8 10. d4 Bb7 11. Nbd2 Bf8 12. a3 h6 13. Bc2 Nb8 14. b4 Nbd7
15. Bb2 g6 16. Qb1 Nb6 17. Qa2 Bg7 18. dxe5 dxe5 19. Rad1 Qe7 20. c4 c5 21.
Nxe5 cxb4 22. c5 Nfd7 23. Nxf7 Qxf7 24. Bb3 Bd5 25. exd5 Nxc5 26. Bxg7 Kxg7
27. axb4 Nxb3 28. Qxb3 Rxe1+ 29. Rxe1 Nxd5 30. Nf3 Nf6 31. Qd3 Ra7 32. Ne5
Qe8 33. Re3 Re7 34. Qd4 Kh7 35. Qc5 Re6 36. f4 Qe7 37. Rd3 Qxc5+ 38. bxc5
b4 39. c6 Re8 40. Rd6 Kg7 41. c7 Rc8 42. Rxa6 1/2-1/2

[Event "8th Dubai Open"]
[Site "Dubai UAE"]
[Date "2006.04.27"]
[Round "5"]
[White "Vaidya,C"]
[Black "Sarsam,S"]
[Result "1/2-1/2"]
[WhiteElo "2229"]
[BlackElo "2399"]
[EventDate "2006.04.23"]

1. d4 d5 2. c4 c6 3. Nf3 Nf6 4. Nc3 a6 5. c5 Bf5 6. Qb3 Qc8 7. h3 Nbd7 8.
Bf4 e6 9. e3 Be7 10. Be2 O-O 11. O-O Re8 12. Nh4 Bg6 13. Nxg6 hxg6 14. Qc2
Bd8 15. b4 e5 16. dxe5 Nxe5 17. Rfd1 Qf5 18. Rac1 Bc7 19. a4 Nfd7 20. Bg3
Qxc2 21. Rxc2 f5 22. h4 Nf6 23. Rcc1 Rec8 24. Ra1 Ned7 25. Bxc7 Rxc7 26. a5
Re8 27. Bf3 Ne5 28. Ne2 Nxf3+ 29. gxf3 Kf7 30. Kg2 Nh5 31. f4 Re4 32. Rd4
Rce7 33. Rad1 Rxd4 34. Nxd4 Re4 35. Rd2 Kg8 36. Rd1 Kh7 37. Rd2 Kh6 38. Rd1
Nxf4+ 39. exf4 Rxf4 40. Kg3 Rg4+ 41. Kh3 Kh5 42. f3 Rxh4+ 43. Kg3 g5 44.
Nxf5 Rxb4 45. Nd6 Kg6 46. Re1 Kf6 47. Ne8+ Kf7 48. Nd6+ Kf6 49. Re8 Rb1 50.
Kf2 Rb2+ 51. Kg3 Rb1 52. Re2 Rb4 53. Kf2 Rb3 54. Re8 Rb2+ 55. Ke3 Rb4 56.
Rf8+ Ke6 57. Rf7 Ra4 58. Rxg7 Rxa5 59. Nxb7 Rb5 60. Nd8+ Kf6 61. Rf7+ Kg6
62. Rc7 Rxc5 63. Nxc6 Kf6 64. Kd4 Rb5 65. Nd8 a5 66. Rf7+ Kg6 67. Ra7 Rb3
68. Nc6 Kf5 69. Kxd5 Kf4 70. Rf7+ Kg3 71. Nd4 Rb8 72. Rg7 Kf4 73. Rf7+ Kg3
74. Re7 Rg8 75. Ke4 a4 76. Ke3 a3 77. Nf5+ Kg2 78. Ra7 Re8+ 79. Ne7 1/2-1/2

[Event "8th Dubai Open"]
[Site "Dubai UAE"]
[Date "2006.04.27"]
[Round "5"]
[White "Doostkam,P"]
[Black "Habu,Y"]
[Result "1/2-1/2"]
[WhiteElo "2188"]
[BlackElo "2382"]
[EventDate "2006.04.23"]

1. c4 e5 2. Nf3 Nc6 3. Nc3 Nf6 4. e3 Bb4 5. Qc2 Bxc3 6. Qxc3 Qe7 7. a3 d5
8. cxd5 Nxd5 9. Qb3 Nb6 10. d3 Bg4 11. Be2 O-O-O 12. O-O f5 13. h3 h5 14.
Qc2 g5 15. b4 a6 16. Bb2 Rh6 17. Qc5 Qd7 18. b5 axb5 19. Qxb5 Bxf3 20. Bxf3
g4 21. Bxc6 Rxc6 22. Qxe5 gxh3 23. g3 Qxd3 24. Rfd1 Qxd1+ 25. Rxd1 Rxd1+
26. Kh2 Kb8 27. Qxf5 Rd2 28. Qxh5 Rxf2+ 29. Kxh3 Rf8 30. Bg7 Rd8 31. g4 Nc4
32. Bd4 Re6 33. Qc5 Nd6 34. g5 Rg6 35. Qa7+ Kc8 36. Bf6 Rdg8 37. e4 Nf7 38.
Qa8+ Kd7 39. Qa4+ Kc8 40. Qa8+ Kd7 41. Qa4+ c6 42. Qb3 Nxg5+ 43. Bxg5 Rxg5
44. Qxb7+ Kd6 45. Qb4+ Ke6 46. Qc4+ Ke7 47. Qb4+ Ke6 48. Qc4+ Ke7 49. Qb4+
Kf7 50. Qb7+ Kg6 51. Qxc6+ Kh7 52. Kh4 Rg4+ 53. Kh3 Rg3+ 54. Kh4 R3g4+ 55.
Kh3 R4g6 56. Qd7+ R8g7 57. Qf5 Kg8 58. Qc8+ Kh7 59. Qf5 Kh8 60. Qf8+ Kh7
61. Qf5 1/2-1/2

[Event "8th Dubai Open"]
[Site "Dubai UAE"]
[Date "2006.04.27"]
[Round "5"]
[White "Ramnath,B"]
[Black "Bajarani,I"]
[Result "0-1"]
[WhiteElo "1978"]
[BlackElo "2352"]
[EventDate "2006.04.23"]

1. e4 d5 2. exd5 Nf6 3. d4 Nxd5 4. Be2 g6 5. Nf3 Bg7 6. O-O O-O 7. c4 Nb6
8. h3 Nc6 9. Be3 e5 10. d5 Ne7 11. Nc3 Nf5 12. Bc5 Re8 13. Ne4 Nh4 14. Qb3
Nd7 15. Ba3 Nxf3+ 16. Bxf3 f5 17. Nc5 Nxc5 18. Bxc5 b6 19. Bb4 e4 20. Be2
f4 21. f3 Qg5 22. Kh1 e3 23. Be1 Qh6 24. Kh2 Re5 25. Rh1 Rg5 26. c5 Kh8 27.
Rc1 Bb7 28. d6 Bd5 29. Qa3 cxd6 30. cxd6 Bf8 31. Rc7 Rd8 32. Qxa7 Rxd6 33.
Bc3+ Kg8 34. Qb8 Bxa2 35. Ra1 Be6 36. Bc4 Rxg2+ 37. Kxg2 Qxh3+ 38. Kg1 Qg3+
39. Kh1 Qxf3+ 40. Kh2 Qh5+ 41. Kg1 Qg5+ 42. Kh2 Qh6+ 43. Kg1 Bxc4 44. Rg7+
Qxg7 45. Bxg7 Kxg7 46. Qc7+ Bf7 47. Rf1 g5 48. Kg2 0-1

[Event "8th Dubai Open"]
[Site "Dubai UAE"]
[Date "2006.04.27"]
[Round "5"]
[White "Shiven,K"]
[Black "Toufighi,H"]
[Result "0-1"]
[WhiteElo "1863"]
[BlackElo "2347"]
[EventDate "2006.04.23"]

1. e4 e6 2. d4 d5 3. Nd2 c5 4. exd5 Qxd5 5. Ngf3 cxd4 6. Bc4 Qd6 7. O-O Nf6
8. Nb3 Nc6 9. Nbxd4 Nxd4 10. Nxd4 a6 11. Be3 Qc7 12. Bb3 Bd6 13. h3 O-O 14.
Qf3 e5 15. Rae1 exd4 16. Bxd4 Qc6 17. Qe3 Bc7 18. Qg5 h6 19. Qh4 Bf5 20.
Re3 Rad8 21. Be5 Bxe5 22. Rxe5 Bxc2 23. Bc4 Bd3 24. Rc1 Bxc4 25. Rxc4 Rd1+
26. Kh2 Qd6 27. Qg3 Re8 28. Rxe8+ Nxe8 29. f4 Qd3 30. Rc8 Qxg3+ 31. Kxg3
Kf8 32. Rb8 Rd7 33. f5 Ke7 34. Kf4 Nf6 35. g4 Kd6 36. g5 hxg5+ 37. Kxg5 Ke5
38. b4 Kd4 39. Rc8 Ke3 40. Rc3+ Kd2 41. Rc8 Nd5 42. Rg8 f6+ 43. Kh5 Nxb4
44. Kg6 Nxa2 45. Rxg7 Rxg7+ 46. Kxg7 b5 47. h4 b4 48. h5 b3 49. h6 b2 50.
h7 b1=Q 51. h8=Q Qxf5 52. Qh2+ Ke3 53. Qxa2 a5 54. Qb3+ Kf4 55. Qc4+ Kg3
56. Qc3+ Kg4 57. Qc4+ Kh5 58. Qf7+ Kh4 59. Qb3 Qf4 60. Kg6 Qg3+ 0-1

[Event "8th Dubai Open"]
[Site "Dubai UAE"]
[Date "2006.04.27"]
[Round "5"]
[White "Singh,G"]
[Black "Lavasani,J"]
[Result "0-1"]
[WhiteElo "2273"]
[BlackElo "2032"]
[EventDate "2006.04.23"]

1. e4 e6 2. b3 d5 3. Bb2 dxe4 4. Nc3 Nf6 5. Qe2 Be7 6. O-O-O O-O 7. Nxe4
Nbd7 8. d4 c6 9. Nf3 Qc7 10. Ne5 Rd8 11. Ng5 Nxe5 12. dxe5 Rxd1+ 13. Qxd1
Nd5 14. Qh5 Bxg5+ 15. Qxg5 Qe7 16. h4 Bd7 17. Bd3 Qc5 18. Qd2 Nb4 19. Be4
Be8 20. Kb1 Nd5 21. c4 Nb6 22. Rd1 Nd7 23. f4 a5 24. a3 a4 25. b4 Qxc4 26.
Bd3 Qb3 27. Qe1 c5 28. Bb5 Nxe5 29. Rc1 Nd3 30. Bxd3 Qxd3+ 31. Ka1 cxb4 32.
Qxb4 Bc6 33. h5 h6 34. g4 Bd5 35. g5 hxg5 36. fxg5 Qb3 37. Qxb3 axb3 38.
Rc7 e5 39. Bxe5 Rxa3+ 40. Kb1 Ra2 41. Bb2 Be4+ 42. Kc1 Ra6 43. g6 Rc6+ 44.
Rxc6 bxc6 45. h6 gxh6 46. g7 Bd5 47. Bf6 h5 48. Kd2 h4 0-1

[Event "8th Dubai Open"]
[Site "Dubai UAE"]
[Date "2006.04.27"]
[Round "5"]
[White "Babaev,Ra"]
[Black "Soumitra,M"]
[Result "1-0"]
[WhiteElo "2481"]
[BlackElo "2207"]
[EventDate "2006.04.23"]

1. e4 c5 2. Nf3 d6 3. d4 cxd4 4. Nxd4 Nf6 5. Nc3 a6 6. Be2 e5 7. Nb3 Be7 8.
Bg5 Be6 9. Bxf6 Bxf6 10. Qd3 Nc6 11. O-O-O Be7 12. Kb1 O-O 13. Nd5 Bxd5 14.
Qxd5 Rc8 15. Bg4 Rc7 16. a3 b5 17. g3 Qb8 18. Be2 Qb6 19. Rhf1 Rb8 20. f4
a5 21. c3 b4 22. cxb4 axb4 23. a4 Nd4 24. fxe5 Nxe2 25. exd6 Bxd6 26. Qxd6
Rc6 27. Qd5 Re6 28. Qh5 Nc3+ 29. bxc3 g6 30. Qc5 bxc3 31. Qxb6 Rexb6 32.
Kc2 Rxb3 33. Rd8+ Rxd8 34. Kxb3 Rd4 35. Ra1 Rxe4 36. Kxc3 Re8 37. a5 Ra8
38. a6 Kg7 39. Kd4 Kf6 40. Kc5 Kg5 41. Ra4 f5 42. Kb6 Kf6 43. Kb7 Re8 44.
a7 g5 45. a8=Q Rxa8 46. Rxa8 Ke5 47. Rh8 1-0

[Event "8th Dubai Open"]
[Site "Dubai UAE"]
[Date "2006.04.27"]
[Round "5"]
[White "Sale,S"]
[Black "Baum,B"]
[Result "1-0"]
[WhiteElo "2453"]
[BlackElo "2202"]
[EventDate "2006.04.23"]

1. b3 d5 2. Bb2 Bg4 3. h3 Bh5 4. g4 Bg6 5. Bg2 c6 6. Nf3 Nd7 7. d3 e6 8.
Nbd2 f6 9. c4 Bd6 10. h4 Qe7 11. a3 O-O-O 12. b4 Kb8 13. Qb3 Nh6 14. Bh3
Rhe8 15. Rg1 Bf7 16. O-O-O e5 17. g5 Ng8 18. gxf6 gxf6 19. Rg7 Qf8 20. Rxh7
dxc4 21. dxc4 e4 22. Nd4 Ne5 23. b5 c5 24. Nc6+ Nxc6 25. bxc6 b6 26. Qa4 a5
27. Qb5 Ka7 28. Bc3 Bc7 29. Bxa5 e3 30. Bxb6+ Bxb6 31. Qa4+ Kb8 32. Qa6 Re7
33. Qxb6+ Ka8 34. c7 1-0

[Event "8th Dubai Open"]
[Site "Dubai UAE"]
[Date "2006.04.27"]
[Round "5"]
[White "Amanov,M"]
[Black "Monir,A"]
[Result "1/2-1/2"]
[WhiteElo "2305"]
[BlackElo "2121"]
[EventDate "2006.04.23"]

1. d4 Nf6 2. c4 g6 3. Nf3 Bg7 4. g3 c6 5. Bg2 d5 6. cxd5 cxd5 7. O-O O-O 8.
Nc3 Nc6 9. Ne5 Bf5 10. Nxc6 bxc6 11. Bf4 Qc8 12. Rc1 Qe6 13. Na4 Bh3 14.
Nc5 Qc8 15. Qa4 Bxg2 16. Kxg2 Nd7 17. Rfd1 Nb6 18. Qc2 Re8 19. b3 e5 20.
dxe5 Bxe5 21. Bxe5 Rxe5 22. Nd3 Re8 23. Nf4 Qa6 24. h4 Rac8 25. h5 g5 26.
Nd3 Nd7 27. e3 c5 28. Ne1 Qe6 29. Nf3 h6 30. Qd2 Nf6 31. Qd3 Red8 32. a3
Ne4 33. b4 Qf5 34. Qe2 g4 35. Nh4 Qxh5 36. bxc5 Qg5 37. c6 h5 38. Rc2 Qe5
39. Qa6 Rc7 40. Qa5 Nxg3 41. Qc3 Qxc3 42. Rxc3 Ne4 43. Rc2 Kg7 44. Nf5+ Kf6
45. Nd4 Rb8 46. Rh1 Kg5 47. f3 Nf6 48. Rf2 Re8 49. fxg4 hxg4 50. Rf5+ Kg6
51. Rhf1 Nh5 52. Rxd5 Rxe3 53. Rd7 Rc8 54. Rfxf7 Re4 55. Rfe7 Rxe7 56. Rxe7
Kf6 57. Re1 a6 58. Re4 1/2-1/2

[Event "8th Dubai Open"]
[Site "Dubai UAE"]
[Date "2006.04.27"]
[Round "5"]
[White "Stock,L"]
[Black "Prathamesh,S"]
[Result "1-0"]
[WhiteElo "2200"]
[BlackElo "2366"]
[EventDate "2006.04.23"]

1. e4 c5 2. Nf3 e6 3. c4 a6 4. Nc3 Qc7 5. Be2 d6 6. d4 cxd4 7. Nxd4 Nf6 8.
O-O Nbd7 9. Be3 b6 10. f3 Be7 11. Qd2 O-O 12. Rfc1 Bb7 13. a4 Rab8 14. b4
Rbc8 15. a5 bxa5 16. Rxa5 d5 17. c5 dxe4 18. Bxa6 Ne5 19. Bf4 Bxa6 20. Rxa6
Nh5 21. Bxe5 Qxe5 22. Nxe4 Rfd8 23. Rc4 Nf4 24. g3 Nh3+ 25. Kg2 Ng5 26. Qd3
Qd5 27. Nc3 Qb7 28. Rb6 Qa8 29. h4 e5 30. hxg5 exd4 31. Rxd4 Bxg5 32. Rxd8+
Rxd8 33. Rd6 Rf8 34. Qd5 Qa1 35. Qxg5 Qxc3 36. Rd8 g6 37. Qd2 Qc4 38. Rxf8+
Kxf8 39. g4 Kg7 40. g5 h6 41. gxh6+ Kh7 42. Kg3 f6 43. Qd6 Qc3 44. c6 g5
45. c7 f5 46. Qd7+ Kxh6 47. Qe6+ Kh5 48. Qe8+ Kh6 49. c8=Q f4+ 50. Kg4 1-0

[Event "8th Dubai Open"]
[Site "Dubai UAE"]
[Date "2006.04.27"]
[Round "5"]
[White "Abbasov,F"]
[Black "Sadvakasov,D"]
[Result "0-1"]
[WhiteElo "2467"]
[BlackElo "2619"]
[EventDate "2006.04.23"]

1. d4 Nf6 2. Nf3 e6 3. e3 b6 4. Bd3 Bb7 5. O-O c5 6. b3 Be7 7. Bb2 O-O 8.
Nbd2 d6 9. Qe2 Nbd7 10. c4 Re8 11. Rad1 Qc7 12. e4 cxd4 13. Nxd4 a6 14. Bb1
Bf8 15. Rfe1 g6 16. N4f3 Nh5 17. Nf1 Rad8 18. Ng3 Nf4 19. Qd2 e5 20. Ne2
Nxe2+ 21. Qxe2 Nc5 22. Nd2 Bc6 23. Nf1 Qb7 24. f3 b5 25. Ne3 Ne6 26. Nd5
Bg7 27. Bd3 Rc8 28. Qf2 Bxd5 29. cxd5 Nd4 30. Rc1 Bh6 31. Rxc8 Rxc8 32. f4
Qa7 33. Rf1 Bg7 34. f5 gxf5 35. exf5 Bf6 36. Kh1 Kh8 37. Be4 a5 38. Bc1 Rg8
39. h3 b4 40. g4 Qc7 41. Bd2 Nb5 42. Rc1 Qd8 43. Bd3 Bh4 44. Qg2 Nd4 45. f6
Qxf6 46. Rf1 Qe7 47. Be3 Bg5 48. Qe4 f5 49. gxf5 Bxe3 50. f6 Qf7 51. Qxe3
Qxd5+ 52. Qe4 Qxe4+ 53. Bxe4 Ne2 54. f7 Rf8 55. Kh2 Kg7 56. Bd5 Nf4 57.
Rg1+ Kf6 58. Rg8 Ke7 59. Be4 h5 0-1

[Event "8th Dubai Open"]
[Site "Dubai UAE"]
[Date "2006.04.27"]
[Round "5"]
[White "Lalith,B"]
[Black "Adly,A"]
[Result "0-1"]
[WhiteElo "2240"]
[BlackElo "2460"]
[EventDate "2006.04.23"]

1. Nf3 d5 2. d4 Nf6 3. c4 e6 4. Nc3 c6 5. Bg5 Nbd7 6. e3 Qa5 7. cxd5 Nxd5
8. Qd2 Bb4 9. Rc1 O-O 10. Bc4 Nxc3 11. bxc3 Ba3 12. Rc2 e5 13. Bd3 Re8 14.
dxe5 Nxe5 15. Nxe5 Rxe5 16. Bf4 Rd5 17. Qe2 Rc5 18. Bc4 Bf5 19. e4 Re8 20.
f3 b5 21. Bb3 Rxc3 22. O-O Be6 23. Bxe6 fxe6 24. Be5 Qb6+ 25. Kh1 Rxc2 26.
Qxc2 Bf8 27. f4 c5 28. Ba1 Qa6 29. h3 b4 30. Rc1 Rd8 31. Be5 Qd3 32. Qa4
Qxe4 33. Qxa7 Rd2 34. Rg1 c4 35. Qc7 Qd5 36. Qa7 c3 37. a3 bxa3 38. Bxc3
Rd3 39. Kh2 Rxc3 0-1

[Event "8th Dubai Open"]
[Site "Dubai UAE"]
[Date "2006.04.28"]
[Round "6"]
[White "Pantsulaia,L"]
[Black "Krivoshey,S"]
[Result "1/2-1/2"]
[WhiteElo "2611"]
[BlackElo "2531"]
[EventDate "2006.04.23"]

1. Nf3 c5 2. c4 g6 3. d4 cxd4 4. Nxd4 Nc6 5. e4 Nf6 6. Nc3 d6 7. Be2 Nxd4
8. Qxd4 Bg7 9. Be3 O-O 10. Qd1 Be6 11. O-O Qa5 12. Bd4 Rfc8 13. b3 a6 14.
Nd5 Bxd5 15. exd5 Nd7 16. Re1 Rc7 17. Bxg7 Kxg7 18. Qd4+ Kg8 19. Bf1 Re8
20. Re3 Qc5 21. Qd2 a5 22. a3 Nf6 23. b4 Qa7 24. Rae1 b6 25. h3 axb4 26.
axb4 Qa4 27. Qb2 Ra7 28. g4 h6 29. f4 Qd7 30. Qd4 Qc7 31. g5 hxg5 32. fxg5
Nh5 33. Bd3 Ng7 34. Rf1 e5 35. dxe6 Rxe6 36. Ref3 Qd8 37. h4 Re5 38. Qf2
Qc7 39. Rf6 Re6 40. Qd4 Rxf6 41. gxf6 d5 42. Qe3 Ra2 43. Be2 d4 44. Qd3 Nh5
45. Rf2 Nf4 46. Qf3 Nxe2+ 47. Rxe2 Rxe2 48. Qxe2 Qg3+ 49. Kf1 Qh3+ 50. Qg2
Qd3+ 51. Qe2 Qh3+ 52. Qg2 Qd3+ 53. Qe2 Qh3+ 1/2-1/2

[Event "8th Dubai Open"]
[Site "Dubai UAE"]
[Date "2006.04.28"]
[Round "6"]
[White "Ghaem Maghami,E"]
[Black "Ramesh,R"]
[Result "1/2-1/2"]
[WhiteElo "2584"]
[BlackElo "2507"]
[EventDate "2006.04.23"]

1. c4 e5 2. Nc3 Nc6 3. Nf3 Nf6 4. d3 Bb4 5. Bd2 O-O 6. e3 d5 7. cxd5 Nxd5
8. Be2 Nxc3 9. Bxc3 Bxc3+ 10. bxc3 Bf5 11. d4 Qe7 12. O-O Rad8 13. Qb3 e4
14. Nd2 Rd6 15. g3 1/2-1/2

[Event "8th Dubai Open"]
[Site "Dubai UAE"]
[Date "2006.04.28"]
[Round "6"]
[White "Fedorchuk,S"]
[Black "Simonenko,S"]
[Result "1-0"]
[WhiteElo "2576"]
[BlackElo "2409"]
[EventDate "2006.04.23"]

1. e4 g6 2. d4 Bg7 3. Nf3 d6 4. Nc3 a6 5. a4 Nf6 6. h3 O-O 7. Be3 Nc6 8. d5
Ne5 9. Nd4 c5 10. dxc6 Nxc6 11. Be2 Bd7 12. O-O Rc8 13. Re1 Nxd4 14. Bxd4
Bc6 15. a5 Nd7 16. Bxg7 Kxg7 17. Qd4+ Nf6 18. Bf3 Qc7 19. Re3 Rfd8 20. Rd3
h6 21. Rd2 Rd7 22. Qe3 e5 23. b4 Rdd8 24. Ra3 Bd7 25. Be2 Be6 26. b5 Bc4
27. bxa6 bxa6 28. Na4 d5 29. Bxc4 d4 30. Qd3 Qxc4 31. Nb6 Qxd3 32. cxd3
Rc1+ 33. Kh2 g5 34. Ra4 Nd7 35. Rc4 Rxc4 36. Nxc4 Rb8 37. Rc2 Rc8 38. Rb2
Rc7 39. Kg3 h5 40. h4 g4 41. Rb1 Nc5 42. Nxe5 f6 43. Nc4 Nxe4+ 44. dxe4
Rxc4 45. Rb7+ Kg6 46. Rd7 Rc5 47. Rxd4 Rxa5 48. Rd6 Re5 49. f3 gxf3 50.
gxf3 a5 51. Ra6 Kg7 52. Kf4 Rb5 53. Rc6 Kg6 54. Rc7 Kh6 55. Rf7 Kg6 56. Ra7
Kh6 57. Ke3 Rb3+ 58. Kf2 Rb2+ 59. Kg3 Rb5 60. f4 Rb3+ 61. Kf2 Rh3 62. Ra6
Kg7 63. Rxa5 Rxh4 64. Kg3 Rh1 65. Ra7+ Kg8 66. f5 Rf1 67. Re7 Ra1 68. Kf3
Ra3+ 69. Kf4 Rb3 70. Ra7 Rb1 71. Ke3 Rd1 72. Ra2 Kg7 73. Rg2+ Kf7 74. Rh2
Re1+ 75. Kd3 Rd1+ 76. Ke2 Ra1 77. Rxh5 Ra3 78. Rh7+ Kf8 79. Rd7 Rb3 80. Rd3
Rb7 81. Kf3 Kf7 82. Kg4 Kg7 83. Kh5 Re7 84. Rd4 Ra7 85. Rd6 Re7 86. e5 Rxe5
87. Rd7+ Kf8 88. Kg6 Ra5 89. Rf7+ Kg8 90. Re7 Kf8 91. Rf7+ Kg8 92. Rb7 Kf8
93. Rb6 Ra7 94. Rb8+ Ke7 95. Kg7 Ra6 96. Rb1 Rc6 97. Re1+ Kd7 98. Kf7 Rd6
99. Re7+ Kd8 100. Re6 Rd1 101. Kxf6 Rf1 102. Re2 Kd7 103. Kg6 Rf3 104. f6
Rf1 105. Kg7 Rf3 106. f7 Rg3+ 107. Kf8 Rf3 108. Rg2 Ke6 109. Kg8 Rxf7 110.
Re2+ 1-0

[Event "8th Dubai Open"]
[Site "Dubai UAE"]
[Date "2006.04.28"]
[Round "6"]
[White "Adly,A"]
[Black "Gelashvili,T"]
[Result "1/2-1/2"]
[WhiteElo "2460"]
[BlackElo "2576"]
[EventDate "2006.04.23"]

1. d4 d5 2. Nf3 c5 3. e3 Nf6 4. c4 cxd4 5. exd4 e6 6. Nc3 Bb4 7. Bd3 dxc4
8. Bxc4 O-O 9. O-O b6 10. Bg5 Bb7 11. Ne5 Nc6 12. Qb3 Bxc3 13. Nxc6 Bxc6
14. bxc3 Qd6 15. Rae1 b5 16. Bd3 Qd5 17. Qxd5 Nxd5 18. Bd2 a6 19. f4 Nb6
20. f5 Bd5 21. Bb1 exf5 22. Rxf5 f6 23. a4 g6 24. Rxd5 Nxd5 25. Ba2 Rfd8
26. Re7 g5 27. Rb7 Kh8 28. Bb1 Rac8 29. axb5 axb5 30. Rxh7+ Kg8 31. Rh3 Ra8
32. Rf3 Kg7 33. Bd3 Ra2 34. Rf2 Rb8 35. h4 Ra1+ 36. Kh2 gxh4 37. c4 bxc4
38. Bxc4 Ne7 39. d5 Ra4 40. Bc3 Rb6 41. Bd4 Nxd5 42. Bxb6 Rxc4 43. Ba7 Kg6
44. Rd2 Nf4 45. Rd4 Rxd4 46. Bxd4 f5 47. Bf2 Kh5 48. g3 Nd3 49. Be3 Ne5 50.
Kh3 Ng4 51. Bb6 hxg3 1/2-1/2

[Event "8th Dubai Open"]
[Site "Dubai UAE"]
[Date "2006.04.28"]
[Round "6"]
[White "Toufighi,H"]
[Black "El Taher,F"]
[Result "0-1"]
[WhiteElo "2347"]
[BlackElo "2468"]
[EventDate "2006.04.23"]

1. e4 e5 2. Nf3 Nc6 3. Nc3 Nf6 4. d4 exd4 5. Nd5 Be7 6. Bf4 d6 7. Nxd4 O-O
8. Nb5 Nxd5 9. exd5 Ne5 10. Qd2 c6 11. Nc3 Bg4 12. h3 Bh5 13. Be2 Bxe2 14.
Qxe2 Ng6 15. Bd2 Re8 16. O-O Bf6 17. Qc4 Qb6 18. Ne4 Be5 19. Be3 c5 20.
Rfe1 Qd8 21. c3 Rc8 22. Rad1 a6 23. a4 h6 24. Nd2 Qd7 25. a5 Re7 26. f4 Bf6
27. Bf2 Rce8 28. Rxe7 Rxe7 29. Re1 Rxe1+ 30. Bxe1 Qf5 31. Bg3 Qc2 32. Qe2
Ne7 33. c4 Qxb2 34. Kf1 Nf5 35. Be1 Qc1 36. Qe8+ Kh7 37. Qxf7 0-1

[Event "8th Dubai Open"]
[Site "Dubai UAE"]
[Date "2006.04.28"]
[Round "6"]
[White "Salem,AR"]
[Black "Abbasov,F"]
[Result "1-0"]
[WhiteElo "2124"]
[BlackElo "2467"]
[EventDate "2006.04.23"]

1. d4 Nf6 2. c4 e6 3. Nf3 b6 4. g3 Ba6 5. Qc2 Bb4+ 6. Bd2 Be7 7. Bg2 c6 8.
O-O d5 9. Ne5 Nfd7 10. Nxd7 Qxd7 11. cxd5 cxd5 12. Nc3 Nc6 13. Be3 Rc8 14.
Rac1 O-O 15. Qa4 Nb8 16. Qxd7 Nxd7 17. a3 b5 18. Rc2 Nb6 19. Rfc1 Nc4 20.
Na2 Bb7 21. Bd2 Nxd2 22. Rxd2 Rc4 23. Rdc2 Rb8 24. e3 Rxc2 25. Rxc2 Rc8 26.
Rxc8+ Bxc8 27. Bf1 Bd7 28. b4 f6 29. f4 Kf7 30. Bd3 h6 31. Kf2 g5 32. Nc3
a6 33. f5 exf5 34. Nxd5 Bd8 35. Nc3 Ke6 36. Bf1 Bb6 37. Bg2 Bc8 38. a4 bxa4
39. Nxa4 Bc7 40. Nc5+ Kd6 41. Nb3 Bd8 42. Ke2 Kc7 43. Kd3 Kb6 44. d5 Be7
45. Kc4 Bd6 46. Bh3 h5 47. Nd4 h4 48. gxh4 g4 49. Bg2 f4 50. exf4 Bxf4 51.
h5 Bxh2 52. h6 Be5 53. Nc6 Bf5 54. Nxe5 fxe5 55. d6 g3 56. Kd5 e4 57. Ke5
e3 58. Kxf5 e2 59. d7 Kc7 60. d8=Q+ Kxd8 61. h7 e1=Q 62. h8=Q+ Kd7 63. Qd4+
Kc7 64. Qc5+ Kd7 65. Bc6+ Kc7 66. Bb5+ Kb7 67. Qc6+ Kb8 68. Qd6+ Kb7 69.
Qxa6+ Kb8 70. Qd6+ Kb7 71. Bc6+ Kb6 72. Bd7+ Kb7 73. Qc6+ Ka7 74. Qc7+ 1-0

[Event "8th Dubai Open"]
[Site "Dubai UAE"]
[Date "2006.04.28"]
[Round "6"]
[White "Taleb,M"]
[Black "Jasim,A"]
[Result "1-0"]
[WhiteElo "2452"]
[BlackElo "2324"]
[EventDate "2006.04.23"]

1. c4 c5 2. Nc3 Nc6 3. Nf3 Nf6 4. d4 cxd4 5. Nxd4 g6 6. e4 Bg7 7. Be3 d6 8.
Be2 O-O 9. O-O Bd7 10. Qd2 Nxd4 11. Bxd4 Bc6 12. f3 Nd7 13. Be3 a5 14. Rac1
Nc5 15. b3 Qb6 16. Nb5 Rfc8 17. Nd4 Bd7 18. Bf2 Qd8 19. Rfd1 Qf8 20. Be3
Qd8 21. Bf1 Qf8 22. Ne2 Bc6 23. Nc3 Qe8 24. Qf2 b6 25. Nd5 Bxd5 26. exd5
Qf8 27. Qd2 Rc7 28. Re1 Bf6 29. Bh6 Bg7 30. Bg5 h6 31. Bh4 Kh7 32. Re2 f5
33. g4 f4 34. Bf2 Be5 35. h4 Qf6 36. Rb1 Rb7 37. Kg2 h5 38. g5 Qg7 39. Kh2
Nd7 40. Qc2 Nc5 41. Rbe1 Raa7 42. a4 Rc7 43. Qb1 Rcb7 44. Qc2 Rc7 45. Rd1
Ra8 46. Bxc5 bxc5 47. Re4 Rb7 48. Rb1 Rab8 49. Bd3 Rb4 50. Qd1 Re8 51. Bc2
e6 52. dxe6 Rxe6 53. Qd5 Re7 54. Rbe1 Rbb7 55. R1e2 Qf7 56. Qd2 Ra7 57. Kg2
Bd4 58. Rxe7 Rxe7 59. Rxe7 Qxe7 60. Be4 Qc7 61. Qxf4 Kg7 62. Qd2 Qb6 63.
Bc2 Qd8 64. Qe1 Qd7 65. Qxa5 Qe7 66. Qd2 Qe5 67. Qd3 Kf8 68. Qe4 1-0

[Event "8th Dubai Open"]
[Site "Dubai UAE"]
[Date "2006.04.28"]
[Round "6"]
[White "Gupta,Ab"]
[Black "Soozankar,A"]
[Result "1-0"]
[WhiteElo "2449"]
[BlackElo "2246"]
[EventDate "2006.04.23"]

1. d4 d6 2. c4 e5 3. Nf3 e4 4. Ng5 f5 5. Nc3 Be7 6. Nh3 c6 7. g3 Nf6 8. Bg2
O-O 9. O-O Kh8 10. d5 c5 11. Nf4 Na6 12. f3 exf3 13. exf3 Nc7 14. Re1 Rb8
15. Bf1 Nd7 16. b3 Ne5 17. Bb2 Bd7 18. Kg2 Qe8 19. Ne6 Bxe6 20. dxe6 f4 21.
Nd5 Nxe6 22. g4 Bh4 23. Bxe5 Bxe1 24. Bxd6 Bh4 25. Bd3 Rd8 26. Bxf8 Qxf8
27. Qe2 Qf7 28. Re1 Nc7 29. Nxc7 1-0

[Event "8th Dubai Open"]
[Site "Dubai UAE"]
[Date "2006.04.28"]
[Round "6"]
[White "Anilkumar,O"]
[Black "Safarli,E"]
[Result "0-1"]
[WhiteElo "2284"]
[BlackElo "2417"]
[EventDate "2006.04.23"]

1. e4 c5 2. b3 b6 3. Bb2 Bb7 4. Nc3 e6 5. Nf3 d6 6. d4 cxd4 7. Nxd4 Nf6 8.
Bd3 g6 9. O-O Bg7 10. Qd2 O-O 11. Rad1 a6 12. Nde2 Nbd7 13. Qe3 Qc7 14. h3
Qc5 15. Qxc5 Nxc5 16. f3 b5 17. Bc1 Rac8 18. Be3 Nfd7 19. Nb1 Rfd8 20. Bg5
Re8 21. c3 d5 22. exd5 exd5 23. Rf2 h6 24. Bf4 Ne6 25. Be3 f5 26. Rff1 Ne5
27. Nf4 b4 28. cxb4 d4 29. Bd2 Nxf4 30. Bxf4 Nxd3 31. Rxd3 Rc2 32. Na3 Rxa2
33. Bc1 Ra1 0-1

[Event "8th Dubai Open"]
[Site "Dubai UAE"]
[Date "2006.04.28"]
[Round "6"]
[White "Vaidya,C"]
[Black "Satyapragyan,S"]
[Result "0-1"]
[WhiteElo "2229"]
[BlackElo "2403"]
[EventDate "2006.04.23"]

1. d4 Nf6 2. c4 e6 3. Nc3 Bb4 4. Qc2 Nc6 5. Nf3 d6 6. Bg5 h6 7. Bd2 Qe7 8.
a3 Bxc3 9. Bxc3 a5 10. e3 e5 11. d5 Nb8 12. Be2 a4 13. Nd2 Nbd7 14. O-O Nc5
15. f4 Nfd7 16. Rf3 O-O 17. Rg3 f5 18. Rf1 Nf6 19. fxe5 dxe5 20. Nf3 Ng4
21. Rxg4 fxg4 22. Nxe5 Rxf1+ 23. Bxf1 Qg5 24. Qf2 Bf5 25. Qf4 Ne4 26. Bb4
Re8 27. c5 Rxe5 0-1

[Event "8th Dubai Open"]
[Site "Dubai UAE"]
[Date "2006.04.28"]
[Round "6"]
[White "Habu,Y"]
[Black "Darini,P"]
[Result "1-0"]
[WhiteElo "2382"]
[BlackElo "2194"]
[EventDate "2006.04.23"]

1. e4 d5 2. exd5 Nf6 3. Nf3 Nxd5 4. d4 g6 5. c4 Nf6 6. Nc3 Bg7 7. Be2 O-O
8. O-O c6 9. Bf4 Nbd7 10. Qd2 Re8 11. Rad1 Nf8 12. d5 Bd7 13. Ne5 c5 14.
Rfe1 a6 15. Bf3 Qc8 16. b3 Ra7 17. h3 h5 18. Re2 Qd8 19. Qc1 Qa5 20. Rde1
Bf5 21. Na4 N6d7 22. Nxd7 Bxd7 23. Rxe7 Rxe7 24. Rxe7 Bf6 25. Re1 Bxa4 26.
Bd2 Qc7 27. bxa4 Ra8 28. Bc3 Qd6 29. Qb2 Bxc3 30. Qxc3 Nd7 31. a5 Rd8 32.
g3 Nf6 33. Rb1 Nd7 34. Rxb7 Re8 35. Bg2 h4 36. gxh4 Re2 37. Qg3 Ne5 38. h5
Nxc4 39. hxg6 Re1+ 40. Kh2 Qxg3+ 41. Kxg3 fxg6 42. Ra7 Ne5 43. d6 Rd1 44.
f4 Nf7 45. d7 Rd6 46. Bf1 Nd8 47. Bxa6 Kf7 48. Bb5 Ke7 49. Rc7 Rd2 50. a4
Ne6 51. Rc8 Ng7 52. Re8+ 1-0

[Event "8th Dubai Open"]
[Site "Dubai UAE"]
[Date "2006.04.28"]
[Round "6"]
[White "Sethuraman,S"]
[Black "Sergeeva,M"]
[Result "1-0"]
[WhiteElo "2231"]
[BlackElo "2355"]
[EventDate "2006.04.23"]

1. e4 c5 2. Nf3 d6 3. d4 cxd4 4. Nxd4 Nf6 5. Nc3 a6 6. Be3 e6 7. f3 b5 8.
g4 Bb7 9. Qd2 Nc6 10. O-O-O Be7 11. g5 Nd7 12. h4 Qa5 13. Nb3 Qc7 14. Qg2
Nce5 15. Kb1 b4 16. Ne2 d5 17. h5 dxe4 18. fxe4 Nc4 19. Bf4 e5 20. Bc1 Nc5
21. Ng3 Na4 22. Bxc4 Qxc4 23. g6 O-O 24. Rd7 Bc5 25. Rxb7 fxg6 26. Nf5 1-0